Centre-state relations in the field of education in India / (Record no. 126086)

MARC details
000 -LEADER
fixed length control field 00663nam a22002417a 4500
005 - DATE AND TIME OF LATEST TRANSACTION
control field 20170124110004.0
010 ## - LIBRARY OF CONGRESS CONTROL NUMBER
LC control number A-465663
020 ## - INTERNATIONAL STANDARD BOOK NUMBER
Terms of availability 125.00
035 ## - SYSTEM CONTROL NUMBER
System control number A-465663
037 ## - SOURCE OF ACQUISITION
Source of stock number/acquisition Cen Lib/Ret
040 ## - CATALOGING SOURCE
Original cataloging agency DPL
Language of cataloging EN
082 ## - DEWEY DECIMAL CLASSIFICATION NUMBER
Classification number 379.54
Item number RAI
100 ## - MAIN ENTRY--PERSONAL NAME
Personal name Rai, Narsingh
9 (RLIN) 16532
245 ## - TITLE STATEMENT
Title Centre-state relations in the field of education in India /
Statement of responsibility, etc by Narsingh Rai
260 ## - PUBLICATION, DISTRIBUTION, ETC. (IMPRINT)
Place of publication, distribution, etc Delhi
Name of publisher, distributor, etc Atma ram &sons
Date of publication, distribution, etc 1990
270 ## - ADDRESS
City Delhi
300 ## - PHYSICAL DESCRIPTION
Extent xii,158p.
Dimensions 20cm(Hb)
500 ## - GENERAL NOTE
General note Includes index
650 ## - SUBJECT ADDED ENTRY--TOPICAL TERM
Topical term or geographic name as entry element Education
9 (RLIN) 1169
650 ## - SUBJECT ADDED ENTRY--TOPICAL TERM
Topical term or geographic name as entry element Education relations
9 (RLIN) 16533
700 ## - ADDED ENTRY--PERSONAL NAME
9 (RLIN) 16507
942 ## - ADDED ENTRY ELEMENTS (KOHA)
Source of classification or shelving scheme Dewey Decimal Classification
Koha item type English Books
Classification part 379.54
Call number suffix RAI
Holdings
Withdrawn status Lost status Damaged status Not for loan Home library Current library Date acquired Source of acquisition Cost, normal purchase price Total Checkouts Full call number Barcode Date last seen Copy number Cost, replacement price Price effective from Koha item type
        Central Library Central Library 24/06/2015 Cen Lib/Ret 125.00   379.54 RAI A-465663 24/06/2015 1 125.00 24/06/2015 English Books

© Delhi Public Library
Hit Counter
free hit counter